| 000 | 00598nam a2200181 a 4500 | ||
|---|---|---|---|
| 001 | 000371129 | ||
| 003 | AM-YeHGA | ||
| 005 | 20250617131911.0 | ||
| 008 | 041019s1931 ai 000 | arm d | ||
| 040 | _aAM-YeHGA | ||
| 041 | 1 |
_aarm _hger |
|
| 245 | 0 | 0 |
_aԿարմրավզիկ : _bՎերածած գերմաներենից. |
| 260 |
_aԱ. տ. : _bԽորհրդային Վրաստանի պետհրատ, _c1931. |
||
| 300 |
_a16 էջ : _bգուն. նկ. ; _c20 սմ. |
||
| 650 | 1 | 4 |
_aԳերմանական մանկական գրականություն _xՀեքիաթ |
| 942 |
_2udc _cBK |
||
| 090 | _c143191 | ||
| 999 |
_c141811 _d141811 |
||